Score 0/83 Timer 20:00
0 Plays Today
% Correct
Matt LeBlanc
81.4%
Ted Danson
79.7%
Jerry Seinfeld
79.7%
Matthew Perry
79.7%
Kelsey Grammer
72.9%
Carroll O'Connor
71.2%
Alan Alda
69.5%
Michael J. Fox
67.8%
Bill Cosby
66.1%
Tim Allen
66.1%
Steve Carell
66.1%
Ray Romano
64.4%
Charlie Sheen
64.4%
Robin Williams
62.7%
Jim Parsons
62.7%
John Goodman
61%
Alec Baldwin
61%
Dick Van Dyke
57.6%
Larry David
57.6%
Jon Cryer
57.6%
Judd Hirsch
55.9%
Anthony Anderson
55.9%
Harry Anderson
54.2%
Jason Bateman
52.5%
Henry Winkler
50.8%
Paul Reiser
50.8%
Eric McCormack
50.8%
John Ritter
49.2%
% Correct
Sherman Hemsley
49.2%
Bernie Mac
49.2%
Redd Foxx
47.5%
Richard Mulligan
47.5%
Bob Newhart
47.5%
Ricky Gervais
47.5%
Johnny Galecki
47.5%
Tony Shalhoub
42.4%
Louis C.K.
42.4%
Fred Savage
40.7%
Burt Reynolds
40.7%
Garry Shandling
40.7%
Frankie Muniz
40.7%
Kevin James
40.7%
Don Adams
39%
Jack Klugman
39%
Hal Linden
39%
Robert Guillaume
39%
Dabney Coleman
39%
Tony Randall
37.3%
Jeffrey Tambor
37.3%
John Lithgow
35.6%
Bill Hader
35.6%
Craig T. Nelson
33.9%
Zach Braff
33.9%
Jack Albertson
32.2%
Donald Glover
30.5%
Bill Bixby
28.8%
% Correct
Jack Warden
28.8%
John Larroquette
28.8%
Dick York
27.1%
Don Cheadle
27.1%
Brian Keith
25.4%
Leslie Nielsen
25.4%
Tim Reid
25.4%
Aziz Ansari
25.4%
Bronson Pinchot
23.7%
Lee Pace
23.7%
Bob Crane
18.6%
Ted Bessell
18.6%
William H. Macy
18.6%
Michael Douglas
18.6%
Will Forte
16.9%
Thomas Middleditch
15.3%
Richard Benjamin
13.6%
Sebastian Cabot
13.6%
Edward Mulhare
13.6%
Lloyd Nolan
13.6%
William Windom
13.6%
Jermaine Clement
13.6%
Zach Galifianakis
13.6%
Matthew Morrison
11.9%
Eugene Levy
11.9%
Larry Storch
8.5%
Lloyd Haynes
5.1%

You're not logged in!

Compare scores with friends on all Sporcle quizzes.
OR
Log In

Sporcle TV

Today on Sporcle TV


Watch our educational content, quiz creation guides, and fun videos on Sporcle TV.

Show Comments

Extras

Top Quizzes Today


Score Distribution

Paid Content

Your Account Isn't Verified!

In order to create a playlist on Sporcle, you need to verify the email address you used during registration. Go to your Sporcle Settings to finish the process.

Report this User

Report this user for behavior that violates our Community Guidelines.

Details: